Ελευθερία και αναγκαιότητα : μια εισαγωγή στη μελέτη της κοινωνίας

Αποθηκεύτηκε σε:
Λεπτομέρειες βιβλιογραφικής εγγραφής
Κύριος συγγραφέας: Robinson, Joan, 1903-1983
Μορφή: Βιβλίο
Γλώσσα:Greek
English
Δημοσίευση: Αθήνα : Θεωρία, 1982.
Σειρά:Παρεμβάσεις / Οικονομία
Θέματα:
Ετικέτες: Προσθήκη ετικέτας
Δεν υπάρχουν, Καταχωρήστε ετικέτα πρώτοι!

MARC

LEADER 00000cam a2200000 i 4500
001 1/88153
008 051026s1981 gr | ||| |||| ||gre||
035 |l 10081008 
040 |a GR-MY-UA  |b gre  |e aacr 
041 1 |a gre  |h eng 
082 7 |a 574.87   |2 (22) 
100 1 |a Robinson, Joan,   |d 1903-1983. 
245 1 0 |a Ελευθερία και αναγκαιότητα :   |b μια εισαγωγή στη μελέτη της κοινωνίας /   |c Τζόαν Ρόμπινσον ; μετάφραση Δ. Α..  
260 |a Αθήνα :   |b Θεωρία,   |c 1982.  
300 |a 128 σ. ;   |c 21 εκ. 
490 1 |a (Παρεμβάσεις / Οικονομία) 
500 |a Το αντίτυπο της Ρόδου είναι δεμένο με: Η τύχη και η αναγκαιότητα / Ζακ Μονό. - Ελευθερία και αναγκαιότητα / Τζόαν Ρόμπινσον.  
500 |a Τίτλος πρωτοτύπου: Freedom and necessity: an introduction to the study of society.  
650 0 0 |a Economic history. 
830 0 |a Παρεμβάσεις / Οικονομία 
852 |a INST  |b RHODES  |c KRI  |e 20051026  |h  574.87 MON  |p 005400030755  |q 005400030755  |t BK  |y 0 
909 |a Ρ  |b 122414 
970 |a ΚΟΖΑ  |b ΜΑΡΙΑ  |z 2005/10/26